| 000 | 00956nam a22002537a 4500 | ||
|---|---|---|---|
| 001 | 38217 | ||
| 003 | BD-RjUL | ||
| 005 | 20211209052742.0 | ||
| 008 | 151010s2003 bg a|||| |||| 001 0 ben d | ||
| 020 | _a9844460735 | ||
| 035 | _a(BD-RjUL)38322 | ||
| 040 |
_aBD-RjUL _bben _cBD-RjUL |
||
| 041 | _aben | ||
| 082 |
_a720.954 _bAHB 2003 |
||
| 100 |
_aআহমেদ, সুলতান _9118180 |
||
| 245 |
_aভারতের মুসলিম স্থাপত্য / _cসুলতান আহমেদ |
||
| 260 |
_aঢাকা : _bঅবসর প্রকাশনা, _c২০০৩ |
||
| 300 |
_a৩৯৯ পৃ. : _bচিত্র ; _c২২ সেমি. |
||
| 504 | _aগ্রন্থপঞ্জি ও ইনডেক্স অন্তর্ভূক্ত | ||
| 650 |
_aArchitecture _9118191 _zIndia. |
||
| 650 |
_aIslamic architecture. _9160381 |
||
| 650 |
_aস্থাপত্য _zভারত _9145091 |
||
| 942 |
_2ddc _cBK _08 |
||
| 999 |
_c38217 _d38217 |
||